000 00971nam a2200265 a 4500
001 000043497
005 20250430073846.0
008 140320s2014 dr 000 0 spa d
020 _a9789945009972
040 _aDO-SdBNP
_bspa
_cBNPHU
082 _a158.1
_bM491r
100 1 _aMedina, Isaias
_971195
245 1 0 _aReinvention :
_bel plan completo para crear una vida extraordinaria /
_cIsaias Medina ; prólogo Mélido Marte.
260 _aSanto Domingo :
_bJasa Publicity,
_c2014.
300 _a191 p. ;
_c22 cm.
500 _aLa biblioteca posee tres ejemplares autografíados por el autor.
500 _aUn sistema para alcanzar prosperidad
590 _aInventariado, 2018/MFF
650 0 _aAutorrealización (Psicología)
_9211
650 4 _aAutoayuda y superación
_913110
650 4 _aDirección espiritual
_96470
650 7 _aSuperación personal
_2Sears
_910825
700 1 _aMarte, Mélido,
_eprol.
_971196
910 _aValidado. Control de calidad EMS
999 _c42986
_d42986